00933nam a2200265 a 450000100060000000300080000600500170001400800410003102000150007203500190008704000270010604100080013308200290014110000310017024500660020126000540026730000350032150400410035665000300039765000290042765000200045694200120047699900170048895201620050567240BD-RjUL20211209081629.0170323s2000 enka b 001 0 eng  a0750642513 a(BD-RjUL)67371 aDLCcDLCdBD-RjULbeng aeng00a636.976628223bLEF 20001 aLewington, John H.919921410aFerret husbandry, medicine, and surgery /cJohn H. Lewington. aOxford ;aBoston :bButterworth-Heinemann,c2000. aviii, 289 p. :bill. ;c25 cm. aIncludes bibliographical references. 0aFerretxDiseases.9199215 0aFerretxSurgery.9199216 0aFerret.9199217 2ddccBK c67240d67240 00102ddc40718NFICaRUCLbRUCLcReadingd2021-12-09eParagogn Enterprise, Dhakag4799.00l0o636.976628 LEF 2000r2017-03-23 00:00:00tC-1w2017-03-23yBK